[Event "36. Münsterland Open"]
[Site "Münster"]
[Date "2018.10.12"]
[Round "1.1"]
[White "Hausrath, Daniel"]
[Black "Telöken, Daniel"]
[Result "1-0"]
[WhiteElo "2495"]
[BlackElo "1948"]
[PlyCount "53"]
[EventDate "2018.??.??"]
[WhiteTeam "SV Mülheim-Nord 1931 e"]
[BlackTeam "Südlohner Schachverein 1956 e.V."]

1. Nf3 Nf6 2. g3 c5 3. Bg2 g6 4. b3 Bg7 5. Bb2 O-O 6. c4 Nc6 7. O-O a6 8. d4
Ne4 9. Qc2 f5 10. d5 Nb4 11. Qc1 a5 12. Bxg7 Kxg7 13. Nc3 Nf6 14. a3 Na6 15.
Qb2 d6 16. e4 Nc7 17. e5 dxe5 18. Nxe5 Qd6 19. Rfe1 Kg8 20. Rad1 Bd7 21. a4
Rad8 22. Qc1 Rfe8 23. Qg5 Kg7 24. h4 Na6 25. Bf3 Nb4 26. h5 Nc2 27. h6+ 1-0

[Event "36. Münsterland Open"]
[Site "Münster"]
[Date "2018.10.12"]
[Round "1.2"]
[White "Meyer, Ulrich"]
[Black "Zaitsev, Mikhail"]
[Result "1/2-1/2"]
[WhiteElo "1945"]
[BlackElo "2481"]
[PlyCount "97"]
[EventDate "2018.??.??"]
[WhiteTeam "Schachklub Münster 32 e.V."]
[BlackTeam "Bochumer SV 02"]

1. d4 d5 2. Bf4 c5 3. c3 Nc6 4. e3 Nf6 5. Nd2 g6 6. Ngf3 Bg7 7. Be2 O-O 8. O-O
Nh5 9. Be5 f6 10. Bg3 Nxg3 11. hxg3 cxd4 12. cxd4 Be6 13. Qb3 Rb8 14. Rac1 Qd6
15. Rc5 b6 16. Rc3 Rbc8 17. Rfc1 Nb8 18. Qa4 a5 19. Nb1 Kf7 20. Na3 Rxc3 21.
Rxc3 Rc8 22. Nb5 Qd8 23. Qc2 Bd7 24. Nd2 Rxc3 25. Qxc3 Bf8 26. a3 e6 27. g4 Qc8
28. Qxc8 Bxc8 29. f4 h6 30. Nb1 Bd7 31. N1c3 Be7 32. Bd3 f5 33. gxf5 gxf5 34.
Kf2 Bc6 35. Be2 Bh4+ 36. g3 Bd8 37. Kg2 Nd7 38. Nd6+ Kf8 39. Bb5 Bxb5 40. Ncxb5
Nf6 41. Nc3 Ke7 42. Ndb5 Kd7 43. Kf3 Ng4 44. Ke2 h5 45. Nd1 Kc6 46. Na7+ Kb7
47. Nb5 Nf6 48. Ndc3 Be7 49. Kf3 1/2-1/2

[Event "36. Münsterland Open"]
[Site "Münster"]
[Date "2018.10.12"]
[Round "1.3"]
[White "Gschnitzer, Adrian"]
[Black "Elier, Ali"]
[Result "1-0"]
[WhiteElo "2363"]
[BlackElo "1920"]
[PlyCount "85"]
[EventDate "2018.??.??"]
[WhiteTeam "SV 1947 Walldorf"]
[BlackTeam "Schachfreunde Brackel 1930 e.V."]

1. e4 e5 2. Nf3 Nc6 3. Bc4 Nf6 4. d3 Qe7 5. Nc3 h6 6. h3 d6 7. Be3 Bd7 8. a3 g6
9. Qd2 Bg7 10. O-O-O O-O-O 11. Nd5 Nxd5 12. exd5 Nd4 13. Bxd4 exd4 14. Rhe1 Qf6
15. Re4 h5 16. Qa5 Kb8 17. Bb5 Bxh3 18. Nxd4 Bxg2 19. Bc6 Qxd4 20. Rxd4 Bxd4
21. Rg1 Bf3 22. Qb4 Bb6 23. Qf4 Bg4 24. Ba4 Rdf8 25. b4 g5 26. Qf6 Rhg8 27. d4
Rg6 28. Qe7 Rgg8 29. Qe3 f5 30. c4 f4 31. Qc3 c5 32. dxc6 f3 33. c5 Bc7 34. Bb3
Rg7 35. Re1 Bh3 36. Re3 Bg2 37. Qe1 bxc6 38. Re8+ Rxe8 39. Qxe8+ Kb7 40. Ba4
dxc5 41. Bxc6+ Kb6 42. dxc5+ Ka6 43. Qc8# 1-0

[Event "36. Münsterland Open"]
[Site "Münster"]
[Date "2018.10.12"]
[Round "1.4"]
[White "Stepa, Rainer"]
[Black "Schulze, Ulrich"]
[Result "0-1"]
[WhiteElo "1896"]
[BlackElo "2314"]
[PlyCount "30"]
[EventDate "2018.??.??"]
[WhiteTeam "Schachklub Ostbevern/Westbevern"]
[BlackTeam "Heilbronner SV"]

1. d4 Nf6 2. c4 g6 3. Nc3 d5 4. e3 Bg7 5. Nf3 O-O 6. Ne5 c5 7. Nxd5 Nxd5 8.
cxd5 cxd4 9. Qxd4 e6 10. d6 Qa5+ 11. Bd2 Qxe5 12. Rc1 Nc6 13. f4 Qxd4 14. exd4
Rd8 15. Bb5 Nxd4 0-1

[Event "36. Münsterland Open"]
[Site "Münster"]
[Date "2018.10.12"]
[Round "1.5"]
[White "Köllner, Ruben Gideon"]
[Black "Nebel, Uwe"]
[Result "1-0"]
[WhiteElo "2274"]
[BlackElo "1890"]
[PlyCount "53"]
[EventDate "2018.??.??"]
[WhiteTeam "Schachgesellschaft Bochum 1931"]
[BlackTeam "Schachgemeinschaft Drewer 54 e.V"]

1. d4 e6 2. Nf3 f5 3. Nc3 Nf6 4. Bg5 Bb4 5. Qd2 O-O 6. a3 Bxc3 7. Qxc3 d5 8.
Ne5 c6 9. Bf4 Nbd7 10. f3 Nh5 11. Nxd7 Bxd7 12. Be5 b6 13. e3 Qh4+ 14. g3 Qe7
15. O-O-O Nf6 16. h3 Ne8 17. Be2 c5 18. g4 c4 19. gxf5 exf5 20. e4 fxe4 21.
fxe4 dxe4 22. Bxc4+ Kh8 23. Bd5 Rc8 24. Qe3 Ba4 25. Bxe4 Nd6 26. Bd3 Nc4 27.
Qh6 1-0

[Event "36. Münsterland Open"]
[Site "Münster"]
[Date "2018.10.12"]
[Round "1.6"]
[White "Wingenfeld, Klaus"]
[Black "Sazanov, Nikolay E"]
[Result "0-1"]
[WhiteElo "1890"]
[BlackElo "2269"]
[PlyCount "140"]
[EventDate "2018.??.??"]
[WhiteTeam "Schachklub Münster 32 e.V."]
[BlackTeam "Schachclub Steinfurt 1996 e.V."]

1. e4 e6 2. d4 d5 3. Nc3 dxe4 4. Nxe4 b6 5. Nf3 Bb7 6. Bb5+ c6 7. Bd3 Nd7 8.
Bf4 Ndf6 9. Qe2 Nxe4 10. Bxe4 Nf6 11. Bd3 Nd5 12. Be5 Qd7 13. c3 O-O-O 14. a4
f6 15. Bg3 g5 16. Ba6 h5 17. Bxb7+ Kxb7 18. a5 b5 19. a6+ Ka8 20. h3 Bd6 21.
Nd2 f5 22. Bxd6 Qxd6 23. g3 h4 24. Qe5 Qxe5+ 25. dxe5 hxg3 26. fxg3 f4 27. g4
Ne3 28. Ke2 Nc4 29. Nxc4 bxc4 30. Rad1 Rxd1 31. Rxd1 Kb8 32. Rd6 Rxh3 33. Rxc6
Re3+ 34. Kf2 Rxe5 35. Rxc4 Re3 36. Rc5 e5 37. b4 Rg3 38. Rxe5 Rxg4 39. b5 Rg3
40. Re8+ Kc7 41. Re7+ Kb8 42. Rb7+ Ka8 43. c4 Rc3 44. Rc7 Kb8 45. Rc6 g4 46. c5
Rc2+ 47. Kf1 g3 48. Rf6 Rxc5 49. Rxf4 Rxb5 50. Rf7 Ra5 51. Kg2 Rxa6 52. Kxg3
Re6 53. Kf2 a5 54. Rf5 a4 55. Ra5 Re4 56. Kf3 Rh4 57. Ke2 Kb7 58. Kd2 Kb6 59.
Ra8 Kb5 60. Rb8+ Kc4 61. Rc8+ Kb3 62. Rb8+ Ka2 63. Kc2 Rc4+ 64. Kd3 Rc7 65. Rb4
a3 66. Rh4 Kb3 67. Rh8 Rd7+ 68. Ke2 Ra7 69. Rb8+ Ka4 70. Rb1 a2 0-1

[Event "36. Münsterland Open"]
[Site "Münster"]
[Date "2018.10.12"]
[Round "1.7"]
[White "Kartsev, Soel"]
[Black "Van de Vyle, Jan"]
[Result "1-0"]
[WhiteElo "2253"]
[BlackElo "1885"]
[PlyCount "31"]
[EventDate "2018.??.??"]
[WhiteTeam "Schachfreunde Brackel 1930 e.V."]
[BlackTeam "Schach Nienberge 2003 e.V."]

1. e4 e5 2. Nf3 Nc6 3. d4 exd4 4. c3 Nf6 5. e5 Ng4 6. cxd4 Bb4+ 7. Nc3 d6 8. h3
dxe5 9. d5 e4 10. hxg4 Bxg4 11. dxc6 Qxd1+ 12. Kxd1 O-O-O+ 13. Kc2 exf3 14.
cxb7+ Kxb7 15. gxf3 Bf5+ 16. Ne4 1-0

[Event "36. Münsterland Open"]
[Site "Münster"]
[Date "2018.10.12"]
[Round "1.8"]
[White "Hagenhoff, Georg"]
[Black "Schröder, Wilfried"]
[Result "0-1"]
[WhiteElo "1883"]
[BlackElo "2211"]
[PlyCount "88"]
[EventDate "2018.??.??"]
[WhiteTeam "LSV Turm Lippstadt"]
[BlackTeam "Schachverein Wattenscheid 1930 e"]

1. b4 c6 2. Bb2 a5 3. a3 axb4 4. axb4 Rxa1 5. Bxa1 Qb6 6. c3 e5 7. Nf3 d6 8. e3
Nf6 9. d4 e4 10. Nfd2 d5 11. Be2 Bd6 12. Na3 O-O 13. Nc2 Qc7 14. h3 b5 15. O-O
Ne8 16. f4 exf3 17. Nxf3 f5 18. Bb2 Nf6 19. Nce1 Qe7 20. Bc1 Ne4 21. Qc2 g5 22.
Nd3 Nd7 23. Nde5 Nxe5 24. dxe5 Bxe5 25. Nd4 Bd7 26. Bd3 Bd6 27. g4 fxg4 28.
Rxf8+ Kxf8 29. Bxe4 Qxe4 30. Qxe4 dxe4 31. hxg4 Bxg4 32. Nxc6 Kf7 33. Nd4 Bd7
34. Bd2 h5 35. Kg2 Kf6 36. Be1 h4 37. Ne2 Ke5 38. Nf4 gxf4 39. exf4+ Kxf4 40.
Bxh4 Be5 41. Bg3+ Kf5 42. Be1 Be6 43. Kf2 Bc4 44. Ke3 Bd3 0-1

[Event "36. Münsterland Open"]
[Site "Münster"]
[Date "2018.10.12"]
[Round "1.9"]
[White "Holtel, Jasper"]
[Black "Reinke, Martin"]
[Result "1-0"]
[WhiteElo "2210"]
[BlackElo "1871"]
[PlyCount "87"]
[EventDate "2018.??.??"]
[WhiteTeam "SK Münster 32 e.V."]
[BlackTeam "Verein Segeberger SF"]

1. e4 c5 2. Nf3 Nc6 3. Bb5 g6 4. Bxc6 bxc6 5. O-O Bg7 6. Re1 d5 7. d3 Bg4 8.
Nbd2 e6 9. c3 Ne7 10. Qa4 Bxf3 11. Nxf3 O-O 12. Bg5 f6 13. Be3 c4 14. exd5 cxd5
15. dxc4 dxc4 16. Bc5 e5 17. Qxc4+ Kh8 18. Rad1 Qc7 19. b4 Rfd8 20. Qf7 Nd5 21.
Qxc7 Nxc7 22. Be7 Rdc8 23. c4 Na6 24. a3 Rxc4 25. Rd6 Nxb4 26. axb4 Rxb4 27.
Bxf6 Bxf6 28. Rxf6 a5 29. Rc6 e4 30. Ng5 a4 31. Rc2 a3 32. Ra2 Rb2 33. Rea1 Ra4
34. g3 Rxa2 35. Rxa2 Kg8 36. Kf1 h6 37. Ne6 Kf7 38. Nc5 Rc4 39. Nb3 Ra4 40. Na1
Ke6 41. Nc2 h5 42. Rxa3 Rc4 43. Ne3 Rd4 44. Ra5 1-0

[Event "36. Münsterland Open"]
[Site "Münster"]
[Date "2018.10.12"]
[Round "1.10"]
[White "Küstermann, Dieter"]
[Black "Knudsen, Simon"]
[Result "0-1"]
[WhiteElo "1866"]
[BlackElo "2208"]
[Annotator "Niermann,Rainer"]
[PlyCount "54"]
[EventDate "2018.??.??"]
[WhiteTeam "Schachfreunde Greven 1948"]
[BlackTeam "Schachfreunde Brackel 1930 e.V."]

1. e4 c5 2. Nf3 e6 3. d4 cxd4 4. Nxd4 Nc6 5. Be3 Nf6 6. Bd3 d6 7. O-O Be7 8. c4
O-O 9. Nc3 Bd7 10. Rc1 Nxd4 11. Bxd4 Bc6 12. Re1 Nd7 13. Qg4 Ne5 14. Bxe5 dxe5
15. Rcd1 Qb6 16. b3 Bb4 17. Ne2 Bxe1 18. Rxe1 Rad8 19. Bb1 Rd2 20. Rf1 Qd8 21.
Ng3 Qf6 22. f4 exf4 23. Rxf4 Qd4+ 24. Kh1 Rd1+ 25. Rf1 Rxf1+ 26. Nxf1 Rd8 27.
Bc2 Qf2 0-1

[Event "36. Münsterland Open"]
[Site "Münster"]
[Date "2018.10.13"]
[Round "2.1"]
[White "Peterwitz, Klaus"]
[Black "Hausrath, Daniel"]
[Result "0-1"]
[WhiteElo "2076"]
[BlackElo "2495"]
[PlyCount "84"]
[EventDate "2018.??.??"]
[WhiteTeam "SV Bargteheide"]
[BlackTeam "SV Mülheim-Nord 1931 e"]

1. d4 Nf6 2. Nf3 g6 3. c4 Bg7 4. Nc3 O-O 5. e4 d6 6. h3 c6 7. Be2 a6 8. Be3 b5
9. a3 bxc4 10. Bxc4 d5 11. Bd3 dxe4 12. Nxe4 Nd5 13. Nc3 Nxe3 14. fxe3 e5 15.
dxe5 Nd7 16. O-O Nxe5 17. Nxe5 Bxe5 18. Qe2 Rb8 19. Rac1 a5 20. Bc4 Qe7 21. Rc2
Kg7 22. Nd1 Bf5 23. e4 Bd4+ 24. Kh1 Qxe4 25. Qxe4 Bxe4 26. Rd2 c5 27. b3 f5 28.
Nf2 Bc6 29. Nd3 Rfe8 30. Nf4 Bb5 31. Bxb5 Rxb5 32. Rd3 g5 33. Nd5 Re5 34. Nc7
Rb7 35. Rc1 f4 36. a4 Re3 37. Rxe3 fxe3 38. Ne6+ Kf6 39. Nxc5 Bxc5 40. Rxc5 e2
41. Rc6+ Kf7 42. Rc1 Rd7 0-1

[Event "36. Münsterland Open"]
[Site "Münster"]
[Date "2018.10.13"]
[Round "2.2"]
[White "Gallasch, Jonas"]
[Black "Gschnitzer, Adrian"]
[Result "0-1"]
[WhiteElo "2045"]
[BlackElo "2363"]
[Annotator "Niermann,Rainer"]
[PlyCount "42"]
[EventDate "2018.??.??"]
[WhiteTeam "Schachgemeinschaft Porz e.V."]
[BlackTeam "SV 1947 Walldorf"]

1. Nf3 Nf6 2. c4 c5 3. g3 d5 4. cxd5 Nxd5 5. Bg2 Nc6 6. d4 cxd4 7. Nxd4 Ndb4 8.
Nxc6 Qxd1+ 9. Kxd1 Nxc6 10. Nc3 Bg4 11. h3 O-O-O+ 12. Bd2 Bd7 13. Rc1 Kb8 14.
Ne4 e5 15. Nc5 Be8 16. e3 b6 17. Ne6 fxe6 18. Bxc6 Bb4 19. Bxe8 Rxd2+ 20. Ke1
Rxb2+ 21. Kf1 Rxe8 0-1

[Event "36. Münsterland Open"]
[Site "Münster"]
[Date "2018.10.13"]
[Round "2.3"]
[White "Schulze, Ulrich"]
[Black "Bosselmann, Tom Linus"]
[Result "1-0"]
[WhiteElo "2314"]
[BlackElo "2047"]
[PlyCount "57"]
[EventDate "2018.??.??"]
[WhiteTeam "Heilbronner SV"]
[BlackTeam "Lübecker SV von 1873"]

1. Nf3 Nf6 2. g3 g6 3. Bg2 Bg7 4. c4 O-O 5. O-O d6 6. Nc3 Nbd7 7. d3 e5 8. Rb1
Ne8 9. b4 f5 10. Qb3 c6 11. c5+ Kh8 12. Ng5 Qe7 13. cxd6 Nxd6 14. Ne6 Rf6 15.
Nxg7 Kxg7 16. Bg5 Nb6 17. a4 Be6 18. Qb2 Nd7 19. e3 Rc8 20. Ne2 h6 21. Bxf6+
Qxf6 22. f4 Bf7 23. e4 b6 24. d4 Nc4 25. dxe5 Qe7 26. Qc3 Be6 27. exf5 gxf5 28.
Nd4 Qf7 29. Rbd1 1-0

[Event "36. Münsterland Open"]
[Site "Münster"]
[Date "2018.10.13"]
[Round "2.4"]
[White "Gutkin, Ilya"]
[Black "Köllner, Ruben Gideon"]
[Result "1/2-1/2"]
[WhiteElo "2039"]
[BlackElo "2274"]
[Annotator "Niermann,Rainer"]
[PlyCount "63"]
[EventDate "2018.??.??"]
[WhiteTeam "Krefelder Schachklub Turm 1851 e"]
[BlackTeam "Schachgesellschaft Bochum 1931"]

1. e4 e5 2. Nf3 Nc6 3. Bb5 Bc5 4. O-O Nd4 5. Nxd4 exd4 6. d3 c6 7. Bc4 d5 8.
exd5 cxd5 9. Re1+ Ne7 10. Bb3 O-O 11. c4 a5 12. Bg5 f6 13. Bf4 Kh8 14. Nd2 Bf5
15. cxd5 Nxd5 16. Bg3 a4 17. Bxa4 Bxd3 18. Nb3 Bb6 19. Qxd3 Rxa4 20. a3 {=} Qd7
21. Rac1 Kg8 22. h3 Rc8 23. Rxc8+ Qxc8 24. Qb5 Qc6 25. Qxc6 bxc6 26. Rc1 Ne7
27. Bd6 Ra7 28. Kf1 Kf7 29. Ke2 d3+ 30. Kd2 Bxf2 31. Bxe7 Rxe7 32. Kxd3 1/2-1/2

[Event "36. Münsterland Open"]
[Site "Münster"]
[Date "2018.10.13"]
[Round "2.5"]
[White "Sazanov, Nikolay E"]
[Black "Gerlach, Felix"]
[Result "0-1"]
[WhiteElo "2269"]
[BlackElo "2039"]
[PlyCount "58"]
[EventDate "2018.??.??"]
[WhiteTeam "Schachclub Steinfurt 1996 e.V."]
[BlackTeam "Schachfreunde Brackel 1930 e.V."]

1. d4 Nf6 2. e3 g6 3. f4 Bg7 4. Nf3 O-O 5. c3 d6 6. Bc4 c5 7. O-O Qc7 8. Nbd2
Nc6 9. Qe1 cxd4 10. exd4 Rb8 11. a4 a6 12. Qh4 b5 13. axb5 axb5 14. Bd3 Bf5 15.
Bxf5 gxf5 16. Ng5 h6 17. Nh3 b4 18. Rf3 e6 19. Nf2 Ra8 20. Rxa8 Rxa8 21. Nf1
Nxd4 22. cxd4 Qxc1 23. Nd3 Qd1 24. h3 Ra1 25. Kh2 b3 26. Qf2 Qc2 27. Nd2 Rd1
28. Nxb3 Qxb3 29. Nc5 Qc4 0-1

[Event "36. Münsterland Open"]
[Site "Münster"]
[Date "2018.10.13"]
[Round "2.6"]
[White "Schultze, Jörg-Martin"]
[Black "Kartsev, Soel"]
[Result "0-1"]
[WhiteElo "2010"]
[BlackElo "2253"]
[PlyCount "50"]
[EventDate "2018.??.??"]
[WhiteTeam "SF Anderssen Wetzlar"]
[BlackTeam "Schachfreunde Brackel 1930 e.V."]

1. Nf3 g6 2. d4 f5 3. g3 Nf6 4. Bg2 Bg7 5. b3 O-O 6. Bb2 d6 7. O-O c6 8. c4 Ne4
9. Nfd2 Nxd2 10. Nxd2 e5 11. dxe5 dxe5 12. c5 Be6 13. Nf3 e4 14. Bxg7 Kxg7 15.
Nd4 Bd5 16. g4 Nd7 17. gxf5 gxf5 18. Rc1 Ne5 19. Rc3 Kh8 20. Rh3 Qf6 21. f4
exf3 22. Nxf3 Rg8 23. Kh1 Ng4 24. Nh4 Rad8 25. Qa1 Qxa1 0-1

[Event "36. Münsterland Open"]
[Site "Münster"]
[Date "2018.10.13"]
[Round "2.7"]
[White "Schröder, Wilfried"]
[Black "Althoff, Ralph"]
[Result "1/2-1/2"]
[WhiteElo "2211"]
[BlackElo "2038"]
[PlyCount "99"]
[EventDate "2018.??.??"]
[WhiteTeam "Schachverein Wattenscheid 1930 e"]
[BlackTeam "SF Brackel 1930 e.V."]

1. d4 d5 2. Nf3 Nf6 3. c4 e6 4. g3 Bb4+ 5. Bd2 Be7 6. Bg2 O-O 7. Qc2 Nbd7 8.
O-O c6 9. b3 a5 10. Nc3 b5 11. cxb5 cxb5 12. Nxb5 Ba6 13. a4 Qb6 14. Qc7 Qxc7
15. Nxc7 Bxe2 16. Nxa8 Bxf1 17. Bxf1 Rxa8 18. Bb5 Kf8 19. Rc1 Bd6 20. Rc6 Ke7
21. Ng5 Ne4 22. Nxe4 dxe4 23. Rc1 h6 24. Bc6 Rb8 25. Bxa5 Rxb3 26. Bxe4 Nb6 27.
Bc6 Ba3 28. Rc3 Rxc3 29. Bxc3 Kd6 30. Be8 Nd5 31. Bd2 f6 32. a5 Bb2 33. Be3 Nc7
34. Ba4 Bc3 35. Bf4+ e5 36. dxe5+ fxe5 37. Bc1 Bxa5 38. Ba3+ Ke6 39. Bb3+ Kf6
40. Bc4 Ne6 41. Bxe6 Kxe6 42. Bf8 Kf7 43. Bc5 g6 44. f3 Ke6 45. Kf2 h5 46. g4
Bd8 47. Be3 Be7 48. Ke2 Kd5 49. Kd3 Bd8 50. Bf2 1/2-1/2

[Event "36. Münsterland Open"]
[Site "Münster"]
[Date "2018.10.13"]
[Round "2.8"]
[White "Stemmler, Fabian"]
[Black "Holtel, Jasper"]
[Result "0-1"]
[WhiteElo "1968"]
[BlackElo "2210"]
[Annotator "Niermann,Rainer"]
[PlyCount "81"]
[EventDate "2018.??.??"]
[WhiteTeam "Schachfreunde Brackel 1930 e.V."]
[BlackTeam "SK Münster 32 e.V."]

1. d4 g6 2. e4 d6 3. Nc3 Nf6 4. Be3 c6 5. f3 Nbd7 6. Qd2 b5 7. g4 Qc7 8. g5 Nh5
9. d5 a6 10. dxc6 Qxc6 11. a4 Bg7 12. Nd5 bxa4 13. Bd4 e6 14. Nb4 Qc7 15. Bxg7
Nxg7 16. Rxa4 O-O 17. Ne2 Bb7 18. Bg2 a5 19. Nd3 d5 20. O-O Nb6 21. Raa1 Nc4
22. Qc3 Rfc8 23. Qd4 e5 24. Qf2 dxe4 25. fxe4 Nd2 26. Rfd1 Nxe4 27. Qe3 Nf5 28.
Qh3 Nxg5 29. Qg4 Bxg2 30. Qxg5 Bf3 31. Rf1 Qb6+ 32. Rf2 Bxe2 33. Nxe5 f6 34.
Qd2 fxe5 35. Qxe2 Nd4 36. Qe4 Rf8 37. Raf1 Ne6 38. Kg2 Nf4+ 39. Rxf4 exf4 40.
Rxf4 Rxf4 41. Qxa8+ 0-1

[Event "36. Münsterland Open"]
[Site "Münster"]
[Date "2018.10.13"]
[Round "2.9"]
[White "Knudsen, Simon"]
[Black "Woestmann, Ulrich"]
[Result "1-0"]
[WhiteElo "2208"]
[BlackElo "2036"]
[PlyCount "95"]
[EventDate "2018.??.??"]
[WhiteTeam "Schachfreunde Brackel 1930 e.V."]
[BlackTeam "SV Ahlen 1954 e.V."]

1. e4 c5 2. Nf3 d6 3. d4 cxd4 4. Nxd4 Nf6 5. Nc3 a6 6. Be2 e5 7. Nf3 Be7 8. Bg5
Be6 9. O-O Nbd7 10. a4 Rc8 11. Re1 O-O 12. Bf1 Qb6 13. Qc1 Rfe8 14. a5 Qc6 15.
Qd2 Nc5 16. Bxf6 Bxf6 17. Rad1 Na4 18. Nxa4 Qxa4 19. b3 Qc6 20. c4 Be7 21. h3
h6 22. Bd3 b6 23. axb6 Rb8 24. Ra1 Rxb6 25. Bc2 Ra8 26. Red1 Qc8 27. Ra2 Bxh3
28. gxh3 Qxh3 29. Qe3 Rc6 30. Nh2 Qh5 31. Qf3 Qg6+ 32. Qg4 Qf6 33. Nf1 Bd8 34.
Ne3 Bb6 35. Qf5 Qh4 36. Nd5 Re8 37. Rd3 Re6 38. Rh3 Rg6+ 39. Kf1 Qd8 40. Rf3
Qe8 41. Rxa6 Rg5 42. Qh3 Bd8 43. Ra7 f6 44. Rg3 Bb6 45. Qd7 Qh5 46. Rxg5 Qxg5
47. Ra8+ Kh7 48. Qf5+ 1-0

[Event "36. Münsterland Open"]
[Site "Münster"]
[Date "2018.10.13"]
[Round "2.10"]
[White "Eckert, Marius"]
[Black "Emunds, Hans Georg"]
[Result "1-0"]
[WhiteElo "1960"]
[BlackElo "2198"]
[PlyCount "39"]
[EventDate "2018.??.??"]
[WhiteTeam "Schachverein Waltrop 1922 e.V."]
[BlackTeam "Schachklub Münster 32 e.V."]

1. d4 Nf6 2. Bf4 g6 3. Nc3 Bg7 4. e4 d6 5. Qd2 a6 6. O-O-O b5 7. f3 Nbd7 8. e5
Nh5 9. Bh6 dxe5 10. Bxg7 Nxg7 11. dxe5 Bb7 12. f4 Qc8 13. Nf3 Ne6 14. h4 Ndc5
15. Qe3 O-O 16. h5 Rd8 17. Rxd8+ Qxd8 18. hxg6 fxg6 19. f5 Bxf3 20. fxe6 1-0

[Event "36. Münsterland Open"]
[Site "Münster"]
[Date "2018.10.13"]
[Round "2.13"]
[White "Haselhorst, Helmut"]
[Black "Balster, Semjon"]
[Result "1-0"]
[WhiteElo "2162"]
[BlackElo "1987"]
[PlyCount "63"]
[EventDate "2018.??.??"]
[WhiteTeam "Schachclub Steinfurt 1996 e.V."]
[BlackTeam "DJK Eintracht Coesfeld VBRS e.V."]

1. Nf3 d5 2. d4 Nf6 3. c4 dxc4 4. e3 e6 5. Bxc4 c5 6. O-O Bd7 7. Qe2 Nc6 8. Rd1
Be7 9. Nc3 O-O 10. a3 a6 11. dxc5 Bxc5 12. b4 Be7 13. Bb2 b5 14. Bd3 Ra7 15.
Rac1 Ng4 16. h3 Nge5 17. Nxe5 Nxe5 18. Bxh7+ Kxh7 19. Qh5+ Kg8 20. Qxe5 Bf6 21.
Qh5 Qa8 22. Nd5 exd5 23. Bxf6 gxf6 24. Rd4 Rc8 25. Rxc8+ Qxc8 26. Qh6 f5 27.
Rh4 Qc1+ 28. Kh2 Qc3 29. Rh5 f6 30. Qg6+ Kf8 31. Rh7 Qe5+ 32. f4 1-0

[Event "36. Münsterland Open"]
[Site "Münster"]
[Date "2018.10.13"]
[Round "2.22"]
[White "Zaitsev, Mikhail"]
[Black "Boldrick, Marcel"]
[Result "1-0"]
[WhiteElo "2481"]
[BlackElo "1666"]
[PlyCount "65"]
[EventDate "2018.??.??"]
[WhiteTeam "Bochumer SV 02"]
[BlackTeam "Turnverein Borken 1922 e.V."]

1. e4 e5 2. Nf3 Nc6 3. Nc3 Nf6 4. a3 Bc5 5. Nxe5 Nxe5 6. d4 Bxd4 7. Qxd4 Nc6 8.
Qd3 h6 9. Qg3 g5 10. Be3 d6 11. O-O-O a6 12. h4 g4 13. f4 gxf3 14. gxf3 Nh5 15.
Qe1 Be6 16. Nd5 Ne7 17. Qc3 O-O 18. Bxh6 Nxd5 19. exd5 Bf5 20. Rg1+ Kh7 21.
Bxf8 Qxf8 22. Rg5 Qh6 23. Kb1 Ng7 24. Bd3 Bxd3 25. Qxd3+ Kh8 26. Rdg1 Rg8 27.
Qc3 Kh7 28. Qxc7 f6 29. Rxg7+ Rxg7 30. Rxg7+ Qxg7 31. Qxg7+ Kxg7 32. c4 b6 33.
b4 1-0

[Event "36. Münsterland Open"]
[Site "Münster"]
[Date "2018.10.13"]
[Round "3.1"]
[White "Hausrath, Daniel"]
[Black "Kruse, Janik"]
[Result "1-0"]
[WhiteElo "2495"]
[BlackElo "2102"]
[PlyCount "65"]
[EventDate "2018.??.??"]
[WhiteTeam "SV Mülheim-Nord 1931 e"]
[BlackTeam "LSV Turm Lippstadt"]

1. Nf3 Nf6 2. g3 d5 3. Bg2 Bg4 4. c4 e6 5. Ne5 Bf5 6. cxd5 exd5 7. Qb3 Nc6 8.
Nxc6 bxc6 9. d3 Be7 10. Qa4 Qd7 11. e4 Be6 12. Nc3 O-O 13. O-O Bh3 14. e5 Bxg2
15. Kxg2 Ne8 16. Ne2 f6 17. e6 Qxe6 18. Nd4 Qg4 19. h3 Qd7 20. Qxc6 Qxc6 21.
Nxc6 Bd6 22. Be3 a5 23. a4 f5 24. Bd4 Ra6 25. Rac1 Nf6 26. Rfe1 Kf7 27. f4 Rc8
28. Kf3 Nd7 29. g4 Nc5 30. Rxc5 Bxc5 31. Ne5+ Kg8 32. Bxc5 Re8 33. Bd4 1-0

[Event "36. Münsterland Open"]
[Site "Münster"]
[Date "2018.10.13"]
[Round "3.2"]
[White "Gschnitzer, Adrian"]
[Black "Günther, Lars"]
[Result "1-0"]
[WhiteElo "2363"]
[BlackElo "2083"]
[PlyCount "55"]
[EventDate "2018.??.??"]
[WhiteTeam "SV 1947 Walldorf"]
[BlackTeam "Uedemer Schachclub 1948 e.V."]

1. e4 Nf6 2. e5 Nd5 3. c4 Nb6 4. d4 d6 5. exd6 exd6 6. Bd3 Nc6 7. Be3 Qf6 8.
Nf3 Bg4 9. Nbd2 d5 10. c5 Nc4 11. Bxc4 dxc4 12. Qa4 O-O-O 13. Qxc4 Be6 14. Qa4
Rd5 15. O-O g5 16. Ne5 Bd7 17. Ne4 Qg7 18. Nc3 Nxe5 19. Qxa7 Nf3+ 20. gxf3 Bc6
21. Nxd5 Bxd5 22. Rfe1 Qf6 23. Bf4 Kd7 24. Re5 Bxf3 25. Bg3 Qh6 26. d5 Qh3 27.
Qa4+ c6 28. dxc6+ 1-0

[Event "36. Münsterland Open"]
[Site "Münster"]
[Date "2018.10.13"]
[Round "3.3"]
[White "Schroer, Klaus"]
[Black "Schulze, Ulrich"]
[Result "1/2-1/2"]
[WhiteElo "2111"]
[BlackElo "2314"]
[PlyCount "115"]
[EventDate "2018.??.??"]
[WhiteTeam "Turnverein Borken 1922 e.V."]
[BlackTeam "Heilbronner SV"]

1. e4 Nf6 2. e5 Nd5 3. Nf3 d6 4. Bc4 c6 5. d4 Bg4 6. O-O dxe5 7. dxe5 e6 8. Re1
Nd7 9. c3 Qc7 10. Qe2 Bxf3 11. gxf3 g6 12. Bxd5 cxd5 13. Bf4 Bg7 14. Na3 O-O
15. c4 Nb6 16. Rac1 dxc4 17. Nxc4 Nd5 18. Bg5 h6 19. Bd2 Qe7 20. Nd6 Rfd8 21.
f4 Rd7 22. Rc2 Rc8 23. Rec1 Rxc2 24. Rxc2 a6 25. a4 Rd8 26. b3 Kh7 27. Rc4 Rd7
28. a5 f6 29. Bc1 fxe5 30. fxe5 Bxe5 31. Qxe5 Qxd6 32. Qd4 e5 33. Qh4 Nf4 34.
Bxf4 exf4 35. Qxf4 Qd1+ 36. Kg2 Qxb3 37. Rc7 Qe6 38. Rxd7+ Qxd7 39. h4 h5 40.
f3 Qe6 41. Qc7+ Kh6 42. Kg3 Qe1+ 43. Kh3 Qf1+ 44. Kg3 Qb5 45. Kh3 Qc6 46. Qf7
Qc5 47. Kg3 Qe5+ 48. Kg2 Qf5 49. Qc7 Qe6 50. Kg3 g5 51. hxg5+ Kxg5 52. Qg7+ Qg6
53. Qxb7 h4+ 54. Kf2 Qc2+ 55. Ke3 Qc3+ 56. Ke2 Qc4+ 57. Kf2 Qc2+ 58. Ke3
1/2-1/2

[Event "36. Münsterland Open"]
[Site "Münster"]
[Date "2018.10.13"]
[Round "3.4"]
[White "Kartsev, Soel"]
[Black "Ballon, Guenther Jan"]
[Result "1/2-1/2"]
[WhiteElo "2253"]
[BlackElo "2077"]
[PlyCount "120"]
[EventDate "2018.??.??"]
[WhiteTeam "Schachfreunde Brackel 1930 e.V."]
[BlackTeam "Niederlande"]
[BlackTeamCountry "NED"]

1. e4 c5 2. Nf3 e6 3. c3 Nf6 4. e5 Nd5 5. d4 cxd4 6. cxd4 d6 7. Bc4 Nc6 8. O-O
Be7 9. Qe2 O-O 10. Re1 Qc7 11. Nc3 Nxc3 12. bxc3 dxe5 13. dxe5 b6 14. Bd3 Bb7
15. Bg5 Na5 16. h4 Rfe8 17. Bxe7 Qxe7 18. Rad1 Red8 19. Be4 h6 20. g3 Rac8 21.
Rxd8+ Qxd8 22. Bxb7 Nxb7 23. Rd1 Qc7 24. Nd4 Qxc3 25. Nb5 Qc4 26. Qxc4 Rxc4 27.
Rd7 Rc5 28. Nd4 Na5 29. Rxa7 Rxe5 30. Ra8+ Kh7 31. Rb8 Rd5 32. Ne2 Rd6 33. h5
Nc4 34. Rb7 Rd2 35. Nc3 Rc2 36. Ne4 Re2 37. Nc3 Rc2 38. Ne4 Re2 39. Nc3 Rc2 40.
Nb5 Rxa2 41. Rxf7 Ne5 42. Rb7 Ng4 43. Nd4 Nxf2 44. Nxe6 Nh3+ 45. Kf1 Rf2+ 46.
Ke1 Rf6 47. Nxg7 Kg8 48. g4 Nf2 49. Ne8 Rf8 50. Rxb6 Nxg4 51. Rg6+ Kh7 52. Rxg4
Rxe8+ 53. Kf2 Re5 54. Rh4 Rg5 55. Kf3 Kg7 56. Rg4 Kf6 57. Rxg5 Kxg5 58. Kg3
Kxh5 59. Kh3 Kg5 60. Kg3 Kf5 1/2-1/2